Comparison Of Difference Plant Spacing On Growth And Yeild Of Chinese Curly Cabbaage, ការប្រៀបធៀបចន្លោះគុម្ពខុសៗគ្នាលើការលូតលាស់ និងទិន្នផលស្ពៃក្រញ៉ាញ់ (Record no. 25301)
[ view plain ]
| 000 -LEADER | |
|---|---|
| fixed length control field | 00556nam a22001217a 4500 |
| 040 ## - CATALOGING SOURCE | |
| Transcribing agency | RUA |
| 082 ## - DEWEY DECIMAL CLASSIFICATION NUMBER | |
| Classification number | AGR VEU 2024 B542 Or.1 |
| 100 ## - MAIN ENTRY--AUTHOR NAME | |
| Personal name | VEUN SARA, វឺន សារ៉ា |
| 245 ## - TITLE STATEMENT | |
| Title | Comparison Of Difference Plant Spacing On Growth And Yeild Of Chinese Curly Cabbaage, ការប្រៀបធៀបចន្លោះគុម្ពខុសៗគ្នាលើការលូតលាស់ និងទិន្នផលស្ពៃក្រញ៉ាញ់ |
| 260 ## - PUBLICATION, DISTRIBUTION, ETC. (IMPRINT) | |
| Place of publication | PHNOM PENH |
| Name of publisher | RUA |
| Year of publication | 2024 |
| 300 ## - PHYSICAL DESCRIPTION | |
| Number of Pages | vii, |
| Other physical details | ill, |
| Dimensions | 29cm, |
| 942 ## - ADDED ENTRY ELEMENTS (KOHA) | |
| Koha item type | AGR |
| 952 ## - LOCATION AND ITEM INFORMATION (KOHA) | |
| Withdrawn status [LOCAL, KOHA] | 0 |
| 952 ## - LOCATION AND ITEM INFORMATION (KOHA) | |
| Withdrawn status [LOCAL, KOHA] | 0 |
| Permanent Location | Date acquired | Koha item type | Lost status | Shelving location | Barcode | Current Location | Full call number |
|---|---|---|---|---|---|---|---|
| Library Block B | 2025-06-20 | AGR | B542 | A083937 | Library Block B | AGR VEU 2024 B542 Or.1 | |
| Library Block B | 2025-06-20 | AGR | B542 | A084531 | Library Block B | AGR VEU 2024 B542 Or.2 |